Playboi Carti - Whole Lotta Red (Tracklista) - Statystyki

Ogólne statystyki
  • Ten quiz został rozwiązany 76 razy
  • Średni wynik to 17 z 24
Statystyki odpowiedzi
Nr Nazwa utworu % Poprawnych
3 Stop Breathing
94%
1 Rockstar Made
91%
2 Go2DaMoon
84%
9 New Tank
83%
19 Sky
81%
12 Vamp Anthem
80%
14 Control
77%
4 Beno!
73%
5 JumpOutTheHouse
70%
17 King Vamp
70%
16 On That Time
70%
20 Over
70%
7 Slay3r
70%
21 ILoveUIHateU
67%
11 Meh
67%
10 Teen X
66%
13 New N3on
64%
15 Punk Monk
64%
22 Die4Guy
63%
8 No Sl33p
61%
24 F33l Lik3 Dyin
59%
6 M3tamorphosis
59%
18 Place
56%
23 Not PLaying
53%
Nie znaleziono quizów pasujących do podanych kryteriów
Rozkład punktacji
Procent ludzi z każdym wynikiem
Percentyl według liczby udzielonych odpowiedzi
Twoja historia wyników
Nie rozwiązałeś tego quizu